Word Ladder: 1942 Hockey Term Quiz Stats

 Plays Quiz Updated Dec 2, 2017

Challenge
Share
Tweet
Embed
Score 0/21 Timer 03:00
0 Plays Today
Clue 4-Letter Word % Correct
Chicken noodle, e.g.SOUP
98.7%
Hand cleanserSOAP
98.5%
'Bearded' farm animalGOAT
98.1%
Hammer or screwdriver, e.g.TOOL
98.1%
A chicken's homeCOOP
97.9%
Small cityTOWN
97.9%
Water surrounding a castleMOAT
97.8%
A sudden seizure of powerCOUP
97.7%
A dress for a ballGOWN
97.5%
In the near futureSOON
97.1%
Black ash in the chimneySOOT
97.1%
Clue 4-Letter Word % Correct
An imbecileFOOL
96.7%
Animated characterTOON
96.6%
A young horseFOAL
96.1%
What a [First Rung] [Last Rung] is aimed at•GOAL•
96%
Irrelevant, like a pointMOOT
95.9%
Destroy a store during riotingLOOT
95.4%
A trick performed by Hotwheels carsLOOP
95.2%
A strike to the face OR a 1977 Hockey movie with [Last Rung]•SLAP•
93.8%
A Hanson brother in '[First Rung] [Last Rung]', e.g.•GOON•
93.8%
An attempt•SHOT•
88.6%

Today's Daily Dose

Missing Word
Biopics

Word Ladder
Food Idioms

Quick Pick
Diets

On This Day
December 18th II

You're not logged in!

Compare scores with friends on all Sporcle quizzes.
OR
Log In

You Might Also Like...

Show Comments

Extras

Top Quizzes Today


Score Distribution

Your Account Isn't Verified!

In order to create a playlist on Sporcle, you need to verify the email address you used during registration. Go to your Sporcle Settings to finish the process.

Report this User

Report this user for behavior that violates our Community Guidelines.

Details: